Statistics for 5 Star Airlines of 2018

Click here to take the quiz!

General Stats

  • This quiz has been taken 66 times
  • The average score is 8 of 10

Answer Stats

Airline% Correct
Etihad Airways
92%
Qatar Airways
90%
Singapore Airlines
90%
ANA All Nippon Airways
80%
Cathay Pacific
76%
Lufthansa
76%
Garuda Indonesia
66%
Asiana Airlines
64%
EVA Air
64%
Hainan Airlines
58%

Score Distribution

Percentile by Number Answered

Percent of People with Each Score

Your Score History

You have not taken this quiz